000 00343nam a22001457a 4500
008 210519b ||||| |||| 00| 0 eng d
020 _a9780470547410
041 _aeng
080 _25th
_a621
082 _a621
100 _a26
101 _aMEK
245 _aTheory and Design for Mechanical Measurements
_cFigliola,R.S
942 _2udc
_cBK
999 _c57539
_d57539